000 00474nam a2200181Ia 4500
008 090124s9999 xx 000 0 und d
082 _b132690
100 _aमांडके अलका
245 _a हृदयस्थ
250 _a1
260 _c2004
300 _a236
600 _aमांडके अलका
630 _a हृदयस्थ
700 _aमांडके अलका
730 _a हृदयस्थ
942 _cBOOK
999 _c178824
_d178824